Les mammifères du monde entier

সংরক্ষণ করুন:
গ্রন্থ-পঞ্জীর বিবরন
প্রধান লেখক: H Hvass
বিন্যাস: গ্রন্থ
ভাষা:Undetermined
প্রকাশিত: Paris Fernand Nathan
বিষয়গুলি:
ট্যাগগুলো: ট্যাগ যুক্ত করুন
কোনো ট্যাগ নেই, প্রথমজন হিসাবে ট্যাগ করুন!
Thư viện lưu trữ: Trung tâm Học liệu Trường Đại học Cần Thơ
LEADER 00431nam a2200169Ia 4500
001 CTU_9350
008 210402s9999 xx 000 0 und d
082 |a 599.004 
082 |b H989 
100 |a H Hvass 
245 0 |a Les mammifères du monde entier 
245 0 |c H Hvass 
260 |a Paris 
260 |b Fernand Nathan 
650 |a mammals 
904 |i Minh, 960927 
980 |a Trung tâm Học liệu Trường Đại học Cần Thơ